书目信息 |
| 题名: |
建筑结构CAD
|
|
| 作者: | 简洪钰 主编 | |
| 分册: | ||
| 出版信息: | 武汉 武汉工业大学出版社 1997.12 |
|
| 页数: | 197页 | |
| 开本: | 16开 | |
| 丛书名: | ||
| 单 册: | ||
| 中图分类: | TU311.41-43 | |
| 科图分类: | ||
| 主题词: | 建筑结构--理论 , 建筑结构--结构计算 | |
| 电子资源: | ||
| ISBN: | 7-5629-1222-X | |
| 000 | 00596nam0 2200205 45 | |
| 001 | 0010232062 | |
| 005 | 20010316163232.9 | |
| 010 | @a7-5629-1222-X@d13.00元 | |
| 100 | @a20001023d1997 km y0chiy0120 ea | |
| 101 | 0 | @achi |
| 105 | @a z 000yy | |
| 200 | 1 | @a建筑结构CAD@AJian Zhu Jie Gou CAD@f简洪钰主编@FJian Hong Yu Zhu Bian |
| 210 | @a武汉@c武汉工业大学出版社@d1997.12 | |
| 215 | @a197页@d16开 | |
| 606 | 0 | @a建筑结构@x理论 |
| 606 | 0 | @a建筑结构@x结构计算 |
| 690 | @aTU311.41-43@v3 | |
| 701 | 0 | @a简洪钰@4主编 |
| 801 | @aCN@bPftUser@c20001023 | |
| 905 | @dTU311.41-43@eJ914@b329766-768@f3 | |
| 建筑结构CAD/简洪钰主编.-武汉:武汉工业大学出版社,1997.12 |
| 197页;16开 |
| ISBN 7-5629-1222-X:13.00元 |
| ● |
| 相关链接 |
|
|
|
正题名:建筑结构CAD
索取号:TU311.41-43/J914
 
预约/预借
| 序号 | 登录号 | 条形码 | 馆藏地/架位号 | 状态 | 备注 |
| 1 | 329766 | 203297663 | 建筑库101/101建筑库 79排2列3层/ [索取号:TU311.41-43/J914] | 在馆 | |
| 2 | 329767 | 203297672 | 建筑库101/101建筑库 79排2列3层/ [索取号:TU311.41-43/J914] | 在馆 | |
| 3 | 329768 | 203297681 | 建筑库101/101建筑库 79排2列3层/ [索取号:TU311.41-43/J914] | 在馆 |